Principles of Lenin’s foreign policy (Record no. 13150)
[ view plain ]
| 000 -LEADER | |
|---|---|
| fixed length control field | 00546nam a22001457a 4500 |
| 008 - FIXED-LENGTH DATA ELEMENTS--GENERAL INFORMATION | |
| fixed length control field | 100117s1970 ru||||| |||| 000 0 eng d |
| 082 ## - DEWEY DECIMAL CLASSIFICATION NUMBER | |
| Edition number | 22 |
| Classification number | 327.47 |
| Item number | LEN |
| 245 ## - TITLE STATEMENT | |
| Title | Principles of Lenin’s foreign policy |
| 260 ## - PUBLICATION, DISTRIBUTION, ETC. (IMPRINT) | |
| Place of publication, distribution, etc | Moscow: |
| Name of publisher, distributor, etc | Novosti Press Agency, 1970 |
| Date of publication, distribution, etc | 1970 |
| 300 ## - PHYSICAL DESCRIPTION | |
| Extent | 95 p.; |
| Dimensions | 17 cm |
| 500 ## - GENERAL NOTE | |
| General note | Donated by; Alaa Abdel Ghany |
| 651 ## - SUBJECT ADDED ENTRY--GEOGRAPHIC NAME | |
| 9 (RLIN) | 9706 |
| Geographic name | Soviet Union |
| General subdivision | Foreign relations. |
| 942 ## - ADDED ENTRY ELEMENTS (KOHA) | |
| Source of classification or shelving scheme | Dewey Decimal Classification |
| Item type | Book - Borrowing |
| Withdrawn status | Item status | Source of classification or shelving scheme | Damaged status | Not for loan | Vendor | Home library | Current library | Shelving location | Date acquired | Source of acquisition | Total Checkouts | Total Renewals | Full call number | Barcode | Date last seen | Date last borrowed | Koha item type |
|---|---|---|---|---|---|---|---|---|---|---|---|---|---|---|---|---|---|
| Dewey Decimal Classification | Central Library | Central Library | First floor | 17/01/2010 | Donation | 1 | 2 | 327.47 LEN | 000019495 | 15/07/2025 | 23/10/2012 | Book - Borrowing |